000 00448nam a2200169 a 4500
001 0000-8999
003 ELIB.Books
008 110520 1963
035 _a(ELIB.Books)0000-9148
082 _a227.6
_bMac
100 _aMacDonald, William
245 _aTrue Discipleship together with Seek Ye First
260 _bBromley: STL Publications
_c1963
650 _aDiscipleship
942 _2ddc
_cBK
998 _cbat
_e2011-05-20
999 _c8999
_d8999